[Event "World Blitz 2025"]
[Site "Doha QAT"]
[Date "2025.12.30"]
[Round "19.88"]
[White "Donchenko, Alexander"]
[Black "Averin, Nikolay"]
[Result "0-1"]
[WhiteTitle "GM"]
[BlackTitle "FM"]
[WhiteElo "2661"]
[BlackElo "2389"]
[WhiteFideId "24603295"]
[BlackFideId "24250473"]
[EventDate "2025.12.29"]

1. e4 Nf6 2. Nc3 d5 3. exd5 Nxd5 4. Nf3 Bg4 5. Be2 c6 6. h3 Bh5 7. d4 e6 8. O-O
Nd7 9. Ne4 Be7 10. a3 O-O 11. c4 N5f6 12. Nc3 Qc7 13. Be3 Rad8 14. Qc2 Bg6 15.
Qb3 a6 16. Rad1 b5 17. Rc1 bxc4 18. Qxc4 Nb6 19. Qb3 Rb8 20. Ne5 Nbd5 21. Qa2
Nxe3 22. fxe3 c5 23. Nxg6 hxg6 24. Na4 Nd5 25. e4 Ne3 26. Rf3 Qd7 27. Nxc5 Qxd4
28. Nxe6 fxe6 29. Qxe6+ Kh7 30. Qxe7 Nf5+ 0-1

[Event "World Blitz 2025"]
[Site "Doha QAT"]
[Date "2025.12.30"]
[Round "19.89"]
[White "Droin, Augustin"]
[Black "Vokhidov, Shamsiddin"]
[Result "0-1"]
[WhiteTitle "IM"]
[BlackTitle "GM"]
[WhiteElo "2480"]
[BlackElo "2641"]
[WhiteFideId "45105987"]
[BlackFideId "14204223"]
[EventDate "2025.12.29"]

1. e4 c5 2. Nf3 e6 3. d4 cxd4 4. Nxd4 Nc6 5. g3 d5 6. Nc3 Nf6 7. Bg2 Bc5 8. Nb3
Bb4 9. exd5 exd5 10. O-O Bxc3 11. bxc3 O-O 12. Nd4 Re8 13. Rb1 h6 14. h3 Qa5 15.
Nb3 Qd8 16. Bf4 Ne4 17. Qd3 Bf5 18. Nd4 Bg6 19. Qe3 Qa5 20. Rxb7 Qa6 21. Rc7
Nxd4 22. cxd4 Qxa2 23. Qb3 Qa5 24. Rb7 a6 25. Bc7 Qd2 26. Qxd5 Qxc2 27. Be5 Rad8
28. Qa5 Nd2 29. Re1 Rxd4 30. Rc7 Rc4 31. Kh2 Rxc7 32. Bxc7 Rxe1 33. Bb6 Nf1+ 34.
Bxf1 Rxf1 35. Qxa6 Rxf2+ 0-1

[Event "World Blitz 2025"]
[Site "Doha QAT"]
[Date "2025.12.30"]
[Round "19.90"]
[White "Kadric, Denis"]
[Black "Isanzhulov, Arystan"]
[Result "0-1"]
[WhiteTitle "GM"]
[BlackTitle "IM"]
[WhiteElo "2543"]
[BlackElo "2419"]
[WhiteFideId "14403803"]
[BlackFideId "13711644"]
[EventDate "2025.12.29"]

1. e4 c6 2. d4 d5 3. e5 Qb6 4. Nc3 Bf5 5. g4 Bd7 6. Na4 Qa5+ 7. c3 e6 8. Be3 Qc7
9. f4 h5 10. gxh5 Nh6 11. Bd3 a5 12. Ne2 b6 13. Ng3 Be7 14. O-O c5 15. b3 c4 16.
bxc4 dxc4 17. Be4 Ra6 18. Rb1 b5 19. Nc5 Bxc5 20. dxc5 Nf5 21. Nxf5 exf5 22. Bf3
Rah6 23. a4 bxa4 24. Rb7 Qc8 25. Qb1 O-O 26. Rd1 Bc6 27. Bxc6 Nxc6 28. Rd6 Rxh5
29. Qb6 Nb8 30. Ra7 Qe8 31. c6 f6 32. Qb7 Qg6+ 33. Kf1 a3 34. c7 a2 35. Rxa5
Rxh2 36. cxb8=Q Rxb8 37. Qxb8+ Kh7 38. Qb7 Qg4 39. Rxa2 Rxa2 40. Qh1+ Kg6 41.
Rd2 Ra1+ 0-1

[Event "World Blitz 2025"]
[Site "Doha QAT"]
[Date "2025.12.30"]
[Round "19.91"]
[White "Orozbaev, Eldiyar"]
[Black "Nogerbek, Kazybek"]
[Result "1/2-1/2"]
[WhiteTitle "IM"]
[BlackTitle "GM"]
[WhiteElo "2348"]
[BlackElo "2539"]
[WhiteFideId "13802240"]
[BlackFideId "13710427"]
[EventDate "2025.12.29"]

1. e4 e5 2. Nf3 Nc6 3. Bc4 Nf6 4. Ng5 d5 5. exd5 Na5 6. Bb5+ c6 7. dxc6 bxc6 8.
Bd3 Nd5 9. Nf3 Bd6 10. O-O Nf4 11. Re1 Nxd3 12. cxd3 O-O 13. b3 c5 14. Nc3 f6
15. Ba3 Be7 16. d4 cxd4 17. Bxe7 Qxe7 18. Nxd4 Rd8 19. Qf3 Bb7 20. Nf5 Bxf3 21.
Nxe7+ Kf7 22. Nf5 Bg4 23. Ne3 Be6 24. Ne4 Nb7 25. Rac1 Rd7 26. f3 Rad8 27. g4 h5
28. h3 hxg4 29. hxg4 Kg6 30. Kf2 a5 31. Rc6 Bd5 32. Nxd5 Rxd5 33. g5 Nd6 34.
Nxd6 Rxd2+ 35. Ke3 R8xd6 36. Rxd6 Rxd6 37. gxf6 gxf6 38. Rc1 Rd5 39. Rc6 Kf5 40.
Ra6 Rc5 41. Kd3 Kg5 42. a3 f5 1/2-1/2

[Event "World Blitz 2025"]
[Site "Doha QAT"]
[Date "2025.12.30"]
[Round "19.92"]
[White "Sasikiran, Krishnan"]
[Black "Shogdzhiev, Roman"]
[Result "0-1"]
[WhiteTitle "GM"]
[BlackTitle "IM"]
[WhiteElo "2538"]
[BlackElo "2403"]
[WhiteFideId "5004985"]
[BlackFideId "55653537"]
[EventDate "2025.12.29"]

1. e4 c5 2. Nf3 d6 3. c3 Nf6 4. Be2 g6 5. O-O Bg7 6. Bb5+ Bd7 7. Bxd7+ Qxd7 8.
Re1 Nc6 9. d4 O-O 10. d5 Na5 11. Nbd2 b5 12. Nf1 Nc4 13. Rb1 Nb6 14. Ng3 a5 15.
h3 b4 16. Bf4 bxc3 17. bxc3 Rab8 18. Qd3 Qa4 19. Qb5 Qxa2 20. Qc6 Nc4 21. Rxb8
Rxb8 22. e5 dxe5 23. Nxe5 Nxe5 24. Rxe5 Rd8 25. Rxe7 Qxd5 26. Qc7 Bf8 27. Rxf7
Ne8 28. Rxf8+ Kxf8 29. Bh6+ Kg8 30. Qe7 Qd1+ 31. Nf1 Qd6 32. Qe4 0-1

[Event "World Blitz 2025"]
[Site "Doha QAT"]
[Date "2025.12.30"]
[Round "19.93"]
[White "Sklokin, Sergey"]
[Black "Alexakis, Dimitris"]
[Result "1/2-1/2"]
[WhiteTitle "FM"]
[BlackTitle "GM"]
[WhiteElo "2407"]
[BlackElo "2544"]
[WhiteFideId "55730230"]
[BlackFideId "4277023"]
[EventDate "2025.12.29"]

1. e4 c5 2. Nf3 Nc6 3. d4 cxd4 4. Nxd4 e6 5. Nc3 Qc7 6. Be3 a6 7. Qf3 b5 8. a3
Bb7 9. Qg3 Qxg3 10. hxg3 Nf6 11. f3 Bc5 12. Rd1 Nxd4 13. Bxd4 Bxd4 14. Rxd4 e5
15. Rd2 Ke7 16. Bd3 h5 17. Kf2 Rac8 18. Nd1 g6 19. Ne3 Rhd8 20. Rhd1 d5 21. exd5
Nxd5 22. Nxd5+ Rxd5 23. c3 f5 24. Bc2 Rcd8 25. Rxd5 Rxd5 26. Rxd5 Bxd5 27. a4
Kd6 28. axb5 axb5 29. Bd3 Bc4 30. Bc2 Ke6 31. b3 Bd5 32. Bd3 Bc6 33. b4 Kd5 34.
Ke3 Bd7 35. Be2 g5 36. Bd3 f4+ 37. gxf4 exf4+ 38. Kf2 g4 39. fxg4 hxg4 40. g3
Ke5 41. gxf4+ Kxf4 42. c4 g3+ 43. Kg1 Ke3 44. Bf1 bxc4 45. Bxc4 Kd4 46. Kg2 Kxc4
47. b5 Kxb5 48. Kxg3 1/2-1/2

[Event "World Blitz 2025"]
[Site "Doha QAT"]
[Date "2025.12.30"]
[Round "19.94"]
[White "Suleimen, Ergali"]
[Black "Ganguly, Surya Shekhar"]
[Result "0-1"]
[WhiteTitle "IM"]
[BlackTitle "GM"]
[WhiteElo "2419"]
[BlackElo "2568"]
[WhiteFideId "13724452"]
[BlackFideId "5002150"]
[EventDate "2025.12.29"]

1. e4 e6 2. d4 d5 3. Nc3 Bb4 4. e5 c5 5. Bd2 Ne7 6. a3 Bxc3 7. Bxc3 Nbc6 8. Nf3
cxd4 9. Bxd4 Nf5 10. c3 Ncxd4 11. cxd4 Qb6 12. Qd2 Bd7 13. Rc1 O-O 14. Bd3 Bb5
15. Bxb5 Qxb5 16. Qe2 Qb6 17. Qd2 Qb5 18. Qe2 Qb6 19. Qd2 Rfc8 20. O-O h6 21.
Rc3 Rxc3 22. Qxc3 Ne7 23. Rc1 Rc8 24. Qd2 Rxc1+ 25. Qxc1 Qb3 26. h3 Nc6 27. Qd2 0-1

[Event "World Blitz 2025"]
[Site "Doha QAT"]
[Date "2025.12.30"]
[Round "19.95"]
[White "Bai, Adelard"]
[Black "Halkias, Stelios"]
[Result "1-0"]
[WhiteTitle "IM"]
[BlackTitle "GM"]
[WhiteElo "2417"]
[BlackElo "2503"]
[WhiteFideId "16301188"]
[BlackFideId "4201809"]
[EventDate "2025.12.29"]

1. d4 Nf6 2. Bg5 d5 3. e3 c5 4. Bxf6 gxf6 5. dxc5 Nc6 6. a3 e5 7. b4 a5 8. Nc3
axb4 9. axb4 Rxa1 10. Qxa1 Nxb4 11. Qa4+ Nc6 12. Bb5 Rg8 13. Bxc6+ bxc6 14.
Qxc6+ Bd7 15. Qxd5 Qa5 16. Ne2 Be6 17. Qc6+ Bd7 18. Qxf6 Qa1+ 19. Kd2 Qxh1 20.
Nd5 Bxc5 21. Qxe5+ Kf8 22. Nf6 Bb4+ 23. c3 Be6 24. Qb8+ Kg7 25. Nh5+ Kh6 26.
Qxg8 Qb1 27. Qg7+ Kxh5 28. Nf4+ Kh4 29. g3# 1-0

[Event "World Blitz 2025"]
[Site "Doha QAT"]
[Date "2025.12.30"]
[Round "19.96"]
[White "Nurgaliyev, Sauat"]
[Black "Sapenov, Daniyal"]
[Result "0-1"]
[WhiteTitle "IM"]
[BlackTitle "IM"]
[WhiteElo "2437"]
[BlackElo "2440"]
[WhiteFideId "13726285"]
[BlackFideId "13728911"]
[EventDate "2025.12.29"]

1. e4 c5 2. Nf3 d6 3. d4 cxd4 4. Nxd4 Nf6 5. Nc3 a6 6. Bd3 g6 7. f3 Qb6 8. a3 e5
9. Nb3 Be6 10. Na4 Qc7 11. Be3 Nbd7 12. Nc3 Be7 13. Bh6 b5 14. Qd2 Nb6 15. O-O
Bf8 16. Be3 h5 17. Rad1 Be7 18. Bh6 Rd8 19. Kh1 d5 20. Bg7 Rh7 21. Bxf6 Bxf6 22.
exd5 Nxd5 23. Ne4 Kf8 24. Rfe1 Kg7 25. Ng5 Bxg5 26. Qxg5 Nf4 27. Nc1 f6 28. Qh4
Rhh8 29. Qf2 Rd6 30. Ne2 Nxd3 31. cxd3 Rhd8 32. d4 Qb6 33. Rc1 Bc4 34. Qg3 Bxe2
35. Rxe2 Qxd4 36. h3 h4 37. Qe1 R8d7 38. Qa5 Qf4 39. Ree1 Rd2 40. Qxa6 Qg5 41.
Rg1 Rxg2 42. Qe6 Rxg1+ 43. Rxg1 Qd2 44. Rg2 Qd1+ 45. Kh2 Qd6 46. Qg4 Qd3 47.
Qxh4 Qxf3 48. Qg4 Qxg4 49. hxg4 Rd3 50. Rc2 Rb3 51. Kg2 Kh6 52. Kh2 Kg5 53. Rg2
e4 54. Kg1 Kf4 55. Kf1 f5 56. gxf5 gxf5 57. Rf2+ Ke5 58. Ke1 f4 59. Kd1 Rh3 60.
Rg2 f3 61. Rg5+ Kd4 62. Rxb5 Rh1+ 63. Kd2 f2 0-1

[Event "World Blitz 2025"]
[Site "Doha QAT"]
[Date "2025.12.30"]
[Round "19.69"]
[White "Kobalia, Mikhail"]
[Black "Harshavardhan, G B"]
[Result "1-0"]
[WhiteTitle "GM"]
[BlackTitle "IM"]
[WhiteElo "2537"]
[BlackElo "2477"]
[WhiteFideId "4119150"]
[BlackFideId "25059009"]
[EventDate "2025.12.29"]

1. e4 e6 2. d3 d5 3. Nd2 Nc6 4. Ngf3 Nf6 5. c3 e5 6. Be2 a5 7. O-O Bc5 8. h3 O-O
9. Qc2 Re8 10. Re1 Nh5 11. Nf1 dxe4 12. dxe4 Qf6 13. Be3 Bxe3 14. Nxe3 Ne7 15.
Ng4 Bxg4 16. hxg4 Nf4 17. g3 Ne6 18. Kg2 Rad8 19. Rad1 b6 20. Bc4 Ng6 21. Rxd8
Rxd8 22. Rd1 Nc5 23. Rxd8+ Qxd8 24. b4 Nb7 25. Bd5 Nd6 26. bxa5 bxa5 27. Qa4 c5
28. Qc6 c4 29. Bxc4 Ne7 30. Qc5 Nxe4 31. Qxe5 Nd6 32. Bb3 h6 33. g5 h5 34. g6
Nxg6 35. Qxh5 Ne4 36. Qxg6 1-0

[Event "World Blitz 2025"]
[Site "Doha QAT"]
[Date "2025.12.30"]
[Round "19.70"]
[White "Gan-Erdene, Sugar"]
[Black "Christiansen, Johan-Sebastian"]
[Result "1-0"]
[WhiteTitle "IM"]
[BlackTitle "GM"]
[WhiteElo "2444"]
[BlackElo "2655"]
[WhiteFideId "4902980"]
[BlackFideId "1512668"]
[EventDate "2025.12.29"]

1. e4 e5 2. Nf3 Nc6 3. Nc3 Nf6 4. a3 g6 5. Bc4 Bg7 6. d3 O-O 7. O-O d6 8. h3 Be6
9. Re1 Bxc4 10. dxc4 Nh5 11. Nd5 b6 12. Bg5 f6 13. Be3 Bh8 14. Bh6 Rf7 15. Qd2
Ng7 16. Bxg7 Bxg7 17. b4 Qd7 18. Rad1 Nd8 19. c5 bxc5 20. bxc5 Ne6 21. cxd6 Qxd6
22. Qc3 Qc5 23. Qb3 Raf8 24. Re3 Qa5 25. Qc4 c5 26. Rb3 Kh8 27. c3 Re8 28. Rdb1
h5 29. a4 Qd8 30. Rb7 Ref8 31. Qa6 Nf4 32. Nxf4 exf4 33. Qxa7 Qd3 34. Rc1 Rxb7
35. Qxb7 Kh7 36. Qd5 Qa6 37. Ra1 Rc8 38. a5 Rc7 39. e5 fxe5 40. Ng5+ Kh6 41. Ne6
Re7 42. Nxg7 Kxg7 43. Qxc5 Re6 44. Rd1 Kh6 45. Qf8+ Kg5 46. Qd8+ Kf5 47. h4 Qe2
48. Ra1 Qb2 49. Qg5+ Ke4 50. Re1+ Kd3 51. Qd8+ Kc4 52. Qc8+ Kd5 53. Rd1+ 1-0

[Event "World Blitz 2025"]
[Site "Doha QAT"]
[Date "2025.12.30"]
[Round "19.71"]
[White "Haug, Havard"]
[Black "Harikrishnan, A. Ra"]
[Result "1-0"]
[WhiteTitle "FM"]
[BlackTitle "GM"]
[WhiteElo "2416"]
[BlackElo "2531"]
[WhiteFideId "1547887"]
[BlackFideId "5081483"]
[EventDate "2025.12.29"]

1. e4 e6 2. d4 d5 3. exd5 exd5 4. Nc3 c6 5. Bd3 Bd6 6. Nge2 Ne7 7. Bf4 O-O 8.
Qd2 Bf5 9. Bxf5 Nxf5 10. O-O Na6 11. Bxd6 Nxd6 12. b3 Nc7 13. Rfe1 Qf6 14. Qf4
Qxf4 15. Nxf4 Rfe8 16. a4 Nf5 17. Nce2 Re7 18. c3 Rae8 19. Kf1 Re4 20. Nd3 Nd6
21. Ng3 Rxe1+ 22. Rxe1 Rxe1+ 23. Kxe1 f6 24. f3 Kf7 25. Kd2 Ne6 26. Ne2 g5 27.
Nc5 b6 28. Nd3 h5 29. Nb4 Nd8 30. g3 Ke6 31. Ke3 Kd7 32. Nc2 Ne6 33. Kd2 a5 34.
Ne3 Ng7 35. Nc1 Ngf5 36. Nxf5 Nxf5 37. b4 Nd6 38. Nd3 Nc4+ 39. Ke2 Kd6 40. bxa5
Nxa5 41. Nb2 Nb3 42. Nd1 c5 43. Kd3 Nc1+ 44. Kc2 Ne2 45. Kd2 Ng1 46. Ke3 Nh3 47.
Ke2 c4 48. Kf1 f5 49. Kg2 g4 50. f4 Ke6 51. Ne3 h4 52. Kf1 hxg3 53. hxg3 1-0

[Event "World Blitz 2025"]
[Site "Doha QAT"]
[Date "2025.12.30"]
[Round "19.72"]
[White "Dlugy, Maxim"]
[Black "Rakotomaharo, Fy Antenaina"]
[Result "1-0"]
[WhiteTitle "GM"]
[BlackTitle "IM"]
[WhiteElo "2502"]
[BlackElo "2434"]
[WhiteFideId "2000075"]
[BlackFideId "13100050"]
[EventDate "2025.12.29"]

1. d4 d5 2. Bf4 Nf6 3. e3 Bf5 4. c4 e6 5. Nc3 Bb4 6. Rc1 O-O 7. Nf3 Ne4 8. Qa4
c5 9. dxc5 Nc6 10. Be2 Bxc3+ 11. bxc3 Nxc5 12. Qa3 Nd3+ 13. Bxd3 Bxd3 14. cxd5
exd5 15. Rd1 Bc4 16. Nd2 Ba6 17. c4 dxc4 18. Nxc4 Qf6 19. Nd6 Rfd8 20. f3 Qg6
21. Kf2 Qc2+ 22. Kg3 Rd7 23. e4 Rad8 24. Rd2 Qxd2 25. Bxd2 Rxd6 26. Bf4 Rd3 27.
Qb2 Nd4 28. Re1 h5 29. h4 Ne6 30. Be3 b6 31. Qe5 Bc4 32. a4 Bb3 33. a5 bxa5 34.
Qxa5 g6 35. Qxa7 R8d7 36. Qb8+ Kh7 37. Qe5 Ba4 38. Ra1 Rxe3 39. Rxa4 Re2 40. Ra8
Ng7 41. Qb8 g5 42. Qg8+ Kg6 43. Ra6+ f6 44. hxg5 Kxg5 45. Qf8 h4+ 46. Kh3 Nh5
47. Ra5+ 1-0

[Event "World Blitz 2025"]
[Site "Doha QAT"]
[Date "2025.12.30"]
[Round "19.73"]
[White "Volokitin, Andrei"]
[Black "Xiao, Tong(QD)"]
[Result "1-0"]
[WhiteTitle "GM"]
[BlackTitle "GM"]
[WhiteElo "2619"]
[BlackElo "2555"]
[WhiteFideId "14107090"]
[BlackFideId "8622388"]
[EventDate "2025.12.29"]

1. e4 e5 2. Nf3 Nc6 3. Bb5 a6 4. Ba4 Nf6 5. O-O Be7 6. d3 b5 7. Bb3 d6 8. a4 Bd7
9. c3 O-O 10. Bc2 h6 11. Re1 Re8 12. Nbd2 Bf8 13. Nf1 d5 14. exd5 Nxd5 15. Ng3
b4 16. Bd2 Bd6 17. a5 Qc8 18. h3 Be6 19. Ba4 Bd7 20. Ne4 bxc3 21. bxc3 Rb8 22.
Qc2 Bf8 23. Bb3 Be6 24. Qa2 Nf4 25. Bxe6 Qxe6 26. Bxf4 Qd5 27. Qb3 Qxb3 28. Ra2 1-0

[Event "World Blitz 2025"]
[Site "Doha QAT"]
[Date "2025.12.30"]
[Round "19.74"]
[White "Can, Emre"]
[Black "Ohanyan, Emin"]
[Result "1/2-1/2"]
[WhiteTitle "GM"]
[BlackTitle "GM"]
[WhiteElo "2541"]
[BlackElo "2493"]
[WhiteFideId "6302181"]
[BlackFideId "13312022"]
[EventDate "2025.12.29"]

1. e4 c5 2. Nc3 Nc6 3. Bb5 Nd4 4. a4 a6 5. Bc4 e6 6. Nge2 Qa5 7. O-O b5 8. Ba2
b4 9. Nxd4 cxd4 10. Ne2 d3 11. cxd3 Bb7 12. Ng3 h5 13. Re1 h4 14. Nf1 h3 15. g3
Nf6 16. Ne3 Bc5 17. Nc4 Qc7 18. d4 Bxd4 19. d3 O-O 20. Bf4 e5 21. Bg5 Nh7 22.
Be3 d5 23. exd5 Bxd5 24. Bxd4 exd4 25. Qh5 Be6 26. Rxe6 fxe6 27. Ne5 Qd6 28. Re1
Rab8 29. Bc4 Rbc8 30. Qxh3 Ng5 31. Qg4 Rxc4 32. Nxc4 Qd5 33. Nd2 Rf5 34. f4 Nf7
35. Nc4 Kf8 36. Qg6 Ng5 37. fxg5 Qf3 38. Qxe6 Qf2+ 39. Kh1 Qf3+ 40. Kg1 Qf2+ 41.
Kh1 1/2-1/2

[Event "World Blitz 2025"]
[Site "Doha QAT"]
[Date "2025.12.30"]
[Round "19.75"]
[White "Drygalov, Sergey"]
[Black "Begmuratov, Khumoyun"]
[Result "0-1"]
[WhiteTitle "GM"]
[BlackTitle "IM"]
[WhiteElo "2571"]
[BlackElo "2451"]
[WhiteFideId "24171743"]
[BlackFideId "14210207"]
[EventDate "2025.12.29"]

1. d4 Nf6 2. c4 e6 3. Nf3 d5 4. Nc3 h6 5. Bf4 Bd6 6. Bxd6 Qxd6 7. Rc1 O-O 8. e3
a6 9. h3 Nbd7 10. cxd5 exd5 11. Bd3 b6 12. O-O Bb7 13. Qc2 c5 14. Rfe1 Rfe8 15.
Bf5 c4 16. a4 Nf8 17. Ne5 g6 18. Bg4 Qb4 19. Bf3 Kg7 20. e4 Ne6 21. Rcd1 Nxd4
22. Rxd4 Rxe5 23. Red1 dxe4 24. Nxe4 Bxe4 25. Bxe4 Rc8 26. Bb7 Re1+ 27. Kh2 Rxd1
28. Rxd1 Rc7 29. Bxa6 c3 30. bxc3 Rxc3 31. Qd2 Qc5 32. Qd4 Qc7+ 33. Qd6 Ne4 34.
Qxc7 Rxc7 35. f3 Nc3 36. Rc1 Rc5 37. Bd3 Nxa4 38. Rb1 Rc3 39. Be4 Rc4 40. Rb5
Nc3 41. Rxb6 Nxe4 42. fxe4 Rxe4 43. Rb3 g5 44. g4 Kg6 45. Rb6+ Re6 46. Rb5 h5
47. Kg2 f6 48. Ra5 Re4 49. Kg3 Re3+ 50. Kg2 Rc3 51. Ra7 Rc2+ 52. Kg1 hxg4 53.
hxg4 Rc4 54. Kf2 Rxg4 55. Ra8 Rf4+ 56. Kg2 Kf5 57. Ra5+ Kg4 58. Ra3 f5 59. Kg1
Rf3 60. Ra2 f4 61. Rb2 Kh4 62. Kh2 g4 63. Kg2 Rc3 64. Kh1 Kg3 65. Rg2+ Kf3 66.
Rg1 g3 67. Ra1 Rc2 68. Kg1 Kg4 69. Rb1 Kh3 70. Rf1 f3 71. Rd1 Rg2+ 72. Kf1 Rh2 0-1

[Event "World Blitz 2025"]
[Site "Doha QAT"]
[Date "2025.12.30"]
[Round "19.76"]
[White "Dudin, Gleb"]
[Black "Gokerkan, Cem Kaan"]
[Result "1-0"]
[WhiteTitle "GM"]
[BlackTitle "GM"]
[WhiteElo "2585"]
[BlackElo "2510"]
[WhiteFideId "34184934"]
[BlackFideId "6336760"]
[EventDate "2025.12.29"]

1. e4 c5 2. c3 d5 3. exd5 Nf6 4. Bb5+ Nbd7 5. d4 a6 6. Be2 Nxd5 7. Nf3 e6 8. O-O
cxd4 9. Qxd4 N5f6 10. Rd1 Bc5 11. Qh4 O-O 12. Nbd2 b5 13. Ne4 Nxe4 14. Qxe4 Qb6
15. Qh4 f5 16. b4 Bd6 17. Be3 Qc7 18. c4 Nf6 19. c5 Be7 20. Qf4 Qxf4 21. Bxf4
Nd5 22. Bd2 Bf6 23. Rac1 Bd7 24. Bg5 Rfc8 25. a3 Be8 26. Bxf6 gxf6 27. Nd4 Bf7
28. Bf3 Rd8 29. Nc6 Rd7 30. Bxd5 exd5 31. Nd4 f4 32. f3 Re8 33. Re1 Kf8 34. Kf2
Bg6 35. Ne6+ Kf7 36. Nxf4 d4 37. Rxe8 Kxe8 38. Ke2 Bf7 39. Kd2 Bc4 40. Re1+ Kf7
41. h4 a5 42. Re4 axb4 43. axb4 f5 44. Re5 Kf6 45. Re8 Ra7 46. Rd8 Ra2+ 47. Kc1
Ke5 48. g3 Ra3 49. c6 Rc3+ 50. Kd2 Bf7 51. Rd7 Be8 52. Re7+ 1-0

[Event "World Blitz 2025"]
[Site "Doha QAT"]
[Date "2025.12.30"]
[Round "19.97"]
[White "Piliposyan, Robert"]
[Black "Chasin, Nico"]
[Result "1-0"]
[WhiteTitle "IM"]
[BlackTitle "IM"]
[WhiteElo "2442"]
[BlackElo "2517"]
[WhiteFideId "13309978"]
[BlackFideId "30908477"]
[EventDate "2025.12.29"]

1. d4 Nf6 2. c4 e6 3. Nf3 d5 4. Nc3 Nbd7 5. Qc2 Bb4 6. cxd5 exd5 7. Bg5 h6 8.
Bh4 g5 9. Bg3 Ne4 10. Nd2 Nxg3 11. hxg3 c6 12. e3 Nb6 13. Bd3 Be6 14. a3 Bf8 15.
O-O-O Bg7 16. f4 Qe7 17. Kb1 O-O-O 18. Nf3 Kb8 19. Rhe1 Bg4 20. Bf5 Bxf3 21.
gxf3 Nc4 22. e4 Qc7 23. e5 Bf8 24. Bd3 gxf4 25. Bxc4 dxc4 26. gxf4 Be7 27. d5
Bh4 28. Rh1 Bg3 29. Ne2 Bf2 30. d6 Qd7 31. Qxc4 h5 32. Nc3 h4 33. Qe4 Rh5 34.
Rd2 Bb6 35. Rdh2 Rdh8 36. Nd1 h3 37. f5 Rh4 38. f4 Rg8 39. Rxh3 Rhg4 40. Rh8 a5
41. Rxg8+ Rxg8 42. Nc3 Rg3 43. Rd1 Re3 44. Qc4 Qxf5+ 45. Ka1 Qd7 46. Na4 Ba7 47.
Nc5 Qg4 48. Rc1 Qf5 49. d7 Bb6 50. Qd4 Qh3 51. d8=Q+ 1-0

[Event "World Blitz 2025"]
[Site "Doha QAT"]
[Date "2025.12.30"]
[Round "19.98"]
[White "Raja, Harshit"]
[Black "Gharibyan, Mamikon"]
[Result "0-1"]
[WhiteTitle "GM"]
[BlackTitle "GM"]
[WhiteElo "2472"]
[BlackElo "2491"]
[WhiteFideId "5089000"]
[BlackFideId "13308300"]
[EventDate "2025.12.29"]

1. e4 d6 2. d4 Nf6 3. Nc3 g6 4. Nf3 Bg7 5. Be2 O-O 6. O-O Nc6 7. Be3 e5 8. dxe5
Nxe5 9. Nxe5 dxe5 10. Bc5 Re8 11. Bc4 c6 12. a4 b6 13. Be3 Ng4 14. Bd2 Qe7 15.
h3 Nf6 16. Be3 Nh5 17. Qf3 Rb8 18. Rfd1 a6 19. a5 b5 20. Bc5 Qf6 21. Qxf6 Nxf6
22. Bd3 Nd7 23. Be3 Bf8 24. Na2 Nc5 25. Nb4 Bb7 26. c3 Nb3 27. Ra3 Nd4 28. Raa1
Ne6 29. Bc2 Bc5 30. Bxc5 Nxc5 31. Rd6 Rbc8 32. Rad1 Kf8 33. Bb1 Ke7 34. Ba2 Rc7
35. f3 Rec8 36. Kf2 Rf8 37. R6d2 Rd7 38. Rxd7+ Nxd7 39. Ke3 f5 40. Bb1 f4+ 41.
Ke2 c5 42. Nd5+ Bxd5 43. Rxd5 c4 44. Ba2 Rc8 45. Kd2 Rc5 46. b3 Rxd5+ 47. exd5
cxb3 48. Bxb3 Nc5 49. Ba2 Kd6 50. c4 bxc4 51. Bxc4 Nb7 52. Bxa6 Nxa5 53. Kc3
Kxd5 54. Bd3 Kc5 55. Be4 Nc4 56. Kd3 Nd6 57. Ba8 Nf5 58. Ke2 Ne3 59. g3 g5 60.
gxf4 gxf4 61. Kd3 Kd6 62. Ke4 Ke6 63. Bb7 Kf6 64. Bc8 Nc4 65. Bg4 Nd2+ 66. Kd3
Nf1 67. Bc8 Ne3 68. Ke4 h6 69. Bd7 Nc4 70. Bg4 Nd6+ 71. Kd5 Nf5 72. Ke4 Ne3 73.
Bc8 Nd1 74. Bd7 Nf2+ 75. Kd5 Ke7 76. Bc8 Kf6 77. Bd7 Nh1 78. Bc8 Ng3 79. Bd7 Ne2
80. Ke4 Nc3+ 81. Kd3 Nd5 82. Ke4 Nb6 83. Bb5 Nc8 84. Bd7 Nd6+ 85. Kd5 Nf7 86.
Bg4 Ng5 87. Kd6 e4 88. fxe4 Nxe4+ 89. Kd5 Nf2 90. Bc8 Kg5 91. Ke5 f3 92. Bb7
Nd3+ 93. Kd4 f2 94. Bg2 Ne1 95. Bf1 Kf4 96. h4 Nf3+ 97. Kd5 Nxh4 0-1

[Event "World Blitz 2025"]
[Site "Doha QAT"]
[Date "2025.12.30"]
[Round "19.99"]
[White "Bodemar, Jonathan"]
[Black "Balakrishnan, Praveen"]
[Result "1/2-1/2"]
[WhiteTitle "CM"]
[BlackTitle "GM"]
[WhiteElo "2154"]
[BlackElo "2507"]
[WhiteFideId "6205488"]
[BlackFideId "2064871"]
[EventDate "2025.12.29"]

1. e4 e5 2. Nf3 Nc6 3. Bc4 Nf6 4. Ng5 d5 5. exd5 Na5 6. Bb5+ Bd7 7. Qe2 Be7 8.
O-O O-O 9. Bxd7 Qxd7 10. Nc3 Nxd5 11. Qxe5 c6 12. Nxd5 cxd5 13. d3 Nc6 14. Qe2
Nd4 15. Qd1 Qa4 16. Nf3 Nxf3+ 17. Qxf3 Qxc2 18. Qxd5 Qc7 19. Be3 Rad8 20. Qb3 b6
21. Rac1 Qd7 22. h3 Bd6 23. Rc4 Qf5 24. Re4 Bb8 25. Qc3 Rc8 26. Qb3 Rfd8 27. Re1
h5 28. Bd4 Qg6 29. Bc3 Qd6 30. g3 Qxd3 31. Re7 Qg6 32. Qa4 Bxg3 33. fxg3 Qxg3+
34. Kf1 Qxh3+ 35. Kg1 Qg3+ 36. Kf1 Qf3+ 37. Kg1 Qg3+ 38. Kf1 Rd3 39. Re8+ Kh7
40. Qe4+ g6 41. Rxc8 Qh3+ 42. Ke2 Rxc3 43. Rxc3 Qh2+ 44. Kd1 Qxb2 45. Qc2 Qb4
46. Ree3 Qg4+ 47. Kc1 Qg5 48. Kb2 Qb5+ 49. Rb3 Qg5 50. Qc3 Qg2+ 51. Qc2 Qg5 52.
Rbc3 Qb5+ 53. Rb3 Qg5 1/2-1/2

[Event "World Blitz 2025"]
[Site "Doha QAT"]
[Date "2025.12.30"]
[Round "19.100"]
[White "Iniyan, Pa"]
[Black "Sindarov, Islombek"]
[Result "1-0"]
[WhiteTitle "GM"]
[BlackTitle "CM"]
[WhiteElo "2598"]
[BlackElo "2129"]
[WhiteFideId "25002767"]
[BlackFideId "14205475"]
[EventDate "2025.12.29"]

1. d4 Nf6 2. c4 g6 3. Nc3 Bg7 4. e4 d6 5. f3 Nbd7 6. Nge2 e5 7. Be3 O-O 8. Qd2
exd4 9. Nxd4 Ne5 10. Be2 Nfd7 11. Rd1 Nc5 12. O-O Ne6 13. Nc2 Re8 14. f4 Nc6 15.
Bf3 Nc5 16. e5 Bf5 17. Bxc5 dxc5 18. Ne3 Qxd2 19. Rxd2 Nd4 20. Bxb7 Rab8 21. Bf3
Bh6 22. Nxf5 Nxf5 23. g3 Rxe5 24. Ne4 Re7 25. Nxc5 Bg7 26. Nd3 Bd4+ 27. Kh1 c5
28. b3 Rbe8 29. Bc6 Rc8 30. Bd5 h5 31. Re1 Rxe1+ 32. Nxe1 Re8 33. Nf3 Kg7 34.
Nxd4 cxd4 35. Kg2 Re3 36. Bc6 Rc3 37. Bd7 Ne3+ 38. Kf2 Nc2 39. Bc6 f5 40. Bf3 h4
41. gxh4 d3 42. h5 gxh5 43. Bxh5 Kf6 44. Bf3 Na3 45. h4 Nb1 46. Rd1 Na3 47. h5
Nc2 48. Bg2 Nb4 49. Rd2 Rc2 50. Ke3 Rc1 51. a3 Nc2+ 52. Kxd3 Nxa3 53. Ra2 Nb1
54. Rxa7 Rc3+ 55. Kd4 Rxb3 56. Bd5 1-0